|
|
|
|
| LEADER |
00000nam0a2200000 4500 |
| 001 |
146537 |
| 005 |
20231101221231.0 |
| 020 |
|
|
|a RU
|b 87-8177
|
| 035 |
|
|
|a (RuTPU)RU\TPU\book\158836
|
| 090 |
|
|
|a 146537
|
| 100 |
|
|
|a 20081030d1987 m y0rusy5003 ca
|
| 101 |
0 |
|
|a rus
|
| 102 |
|
|
|a RU
|
| 105 |
|
|
|a y z 001zy
|
| 200 |
1 |
|
|a Судьбы замечательных произведений
|f Государственная библиотека СССР им. В.И. Ленина
|
| 205 |
|
|
|a 2-е изд., перераб. и доп.
|
| 210 |
|
|
|a Москва
|c Книга
|d 1987
|
| 215 |
|
|
|a 175 с.
|
| 225 |
1 |
|
|a Беседы о книгах
|
| 610 |
1 |
|
|a русская литература
|
| 610 |
1 |
|
|a 19 век
|
| 610 |
1 |
|
|a 20 век
|
| 610 |
1 |
|
|a беседы
|
| 610 |
1 |
|
|a история
|
| 610 |
1 |
|
|a произведения
|
| 610 |
1 |
|
|a музыка
|
| 610 |
1 |
|
|a живопись
|
| 610 |
1 |
|
|a скульптура
|
| 610 |
1 |
|
|a театр
|
| 675 |
|
|
|a 016:8
|v 3
|
| 686 |
|
|
|a Ч611.68
|2 rubbk
|
| 712 |
0 |
2 |
|a Государственная библиотека СССР им. В.И. Ленина
|2 stltpush
|3 (RuTPU)RU\TPU\col\6015
|9 24199
|
| 801 |
|
0 |
|a RU
|b RuMRKP
|c 19950417
|g psbo
|
| 801 |
|
1 |
|a RU
|b 63413507
|c 20081030
|g PSBO
|
| 801 |
|
2 |
|a RU
|b 63413507
|c 20180420
|g PSBO
|
| 942 |
|
|
|c BK
|